Departamento de Estadísticas Sanitarias (Record no. 116740)

MARC details
000 -LEADER
campo de control de longitud fija 00706nam a2200193 i 4500
001 - NÚMERO DE CONTROL
campo de control 116740
003 - IDENTIFICADOR DE NÚMERO DE CONTROL
campo de control ES-MaACL
005 - FECHA Y HORA DE LA ÚLTIMA TRANSACCIÓN
campo de control 20250929063154.0
008 - DATOS DE LONGITUD FIJA--INFORMACIÓN GENERAL
campo de control de longitud fija 061121s1934 sp |||| | spa d
100 1# - ENTRADA PRINCIPAL--NOMBRE DE PERSONA
Nombre de persona Pascua, Marcelino,
Fechas asociadas al nombre 1897-1977
9 (RLIN) 89336
245 10 - MENCIÓN DEL TÍTULO
Título Departamento de Estadísticas Sanitarias
Resto del título : suplemento la número 232 : mortalidad urbana y rural /
Mención de responsabilidad, etc. por M. Pascua.
260 ## - PUBLICACIÓN, DISTRIBUCIÓN, ETC.
Lugar de publicación, distribución, etc. Madrid :
Nombre del editor, distribuidor, etc. [s.n.],
Fecha de publicación, distribución, etc. 1934.
300 ## - DESCRIPCIÓN FÍSICA
Extensión 9 p. ;
Dimensiones 23 cm.
594 ## - Nota al título y mención de responsabilidad
Nota al título y mención de responsabilidad Precede al tít.: Dirección General de Sanidad.
650 04 - PUNTO DE ACCESO ADICIONAL DE MATERIA--TÉRMINO DE MATERIA
Término de materia o nombre geográfico como elemento de entrada Mortalidad-
Subdivisión geográfica España-
Subdivisión de forma Estadísticas.
9 (RLIN) 15199
710 1# - ENTRADA AGREGADA--NOMBRE DE ENTIDAD CORPORATIVA
Nombre de entidad corporativa o nombre de jurisdicción como elemento de entrada España.
Unidad subordinada Dirección General de Sanidad.
9 (RLIN) 3905
852 ## - LOCALIZACIÓN
Ubicación ES-MaACL
Número de control de estantería 1821-F-7
Holdings
Estatus retirado Estado de pérdida Estado de daño No para préstamo Colección Biblioteca de origen Biblioteca actual Ubicación en estantería Fecha de adquisición Fuente de adquisición Total de préstamos Signatura topográfica completa Código de barras Visto por última vez Precio de reemplazo Tipo de ítem Koha
        Colección de folletos Biblioteca del Ateneo de Madrid Biblioteca del Ateneo de Madrid Depósito folletos 17/01/2008     1821-F-7 1121726 23/02/2023 23/02/2023 Folleto